[Event "BL2-Sued 0203"]
[Site "Germany"]
[Date "2002.10.20"]
[Round "1.8"]
[White "Porth, Dietmar"]
[Black "Sirch, Franz"]
[Result "1-0"]
[WhiteElo "2274"]
[BlackElo "2215"]
[PlyCount "64"]
[EventDate "2002.10.20"]
[EventType "team-tourn"]
[EventRounds "9"]
[EventCountry "GER"]
[SourceTitle "EXT 2004"]
[Source "ChessBase"]
[SourceDate "2003.11.25"]
[SourceVersion "1"]
[SourceVersionDate "2003.11.25"]
[SourceQuality "1"]
[WhiteTeam "Kirchheim"]
[BlackTeam "Krumbach"]
[WhiteTeamCountry "GER"]
[BlackTeamCountry "GER"]

1. d4 Nf6 2. c4 c5 3. d5 b5 4. cxb5 a6 5. bxa6 Bxa6 6. Nc3 d6 7. f4 g6 8. Nf3 Bg7 9. e4 Bxf1 10. Rxf1 Qb6 11. Qe2 0-0 12. Nd2 Nbd7 13. Nc4 Qa6 14. Kf2 Rfb8 15. e5 dxe5 16. fxe5 Ne8 17. Re1 Rb4 18. b3 Rxc4 19. Qxc4 Qxc4 20. bxc4 Nxe5 21. Ke2 Nxc4 22. Kd3 Ne5+ 23. Kc2 Nd6 24. Bf4 Nec4 25. a4 Rb8 26. Ra2 Kf8 27. Ne4 Bd4 28. Nxd6 exd6 29. a5 Ra8 30. a6 Ne5 31. Rb1 Ke7 32. Bg5+ f6 1-0

[Event "Bad Aibling op 46th"]
[Site "Bad Aibling"]
[Date "1997.??.??"]
[Round "6"]
[White "Krafzik, Joachim"]
[Black "Sirch, Franz"]
[Result "0-1"]
[WhiteElo "2020"]
[BlackElo "2215"]
[PlyCount "58"]
[EventDate "1997.08.??"]
[EventType "swiss"]
[EventRounds "9"]
[EventCountry "GER"]
[SourceTitle "EXT 2001"]
[Source "ChessBase"]
[SourceDate "2000.11.22"]
[SourceVersion "1"]
[SourceVersionDate "2000.11.22"]
[SourceQuality "1"]

1. f4 d5 2. e3 Nf6 3. Nf3 Bg4 4. b3 e6 5. Bb2 Bd6 6. Be2 Nbd7 7. 0-0 c6 8. Ne5 Bxe2 9. Qxe2 0-0 10. d3 Qc7 11. Nxd7 Nxd7 12. g3 Rac8 13. Nd2 f5 14. d4 Nf6 15. c4 Bb4 16. Nf3 Ne4 17. Rfc1 a6 18. a3 Be7 19. Bc3 Bf6 20. Be1 Qd7 21. c5 g5 22. Ra2 Qg7 23. Kf1 gxf4 24. gxf4 Kh8 25. h4 Rg8 26. Qh2 Qg4 27. Qg2 Qh5 28. Qh3 Rg3 29. Bxg3 Qxf3+ 0-1

[Event "Landesliga Sued 9495"]
[Site "Bayern"]
[Date "1995.03.05"]
[Round "6.6"]
[White "Sirch, Franz"]
[Black "Loos, Stephan"]
[Result "0-1"]
[WhiteElo "2085"]
[BlackElo "2070"]
[PlyCount "50"]
[EventDate "1994.10.09"]
[EventType "team-tourn"]
[EventRounds "9"]
[EventCountry "GER"]
[SourceTitle "EXT 1999"]
[Source "ChessBase"]
[SourceDate "1998.11.16"]
[SourceVersion "1"]
[SourceVersionDate "1998.11.16"]
[SourceQuality "1"]
[WhiteTeam "Krumbach"]
[BlackTeam "Muenchen FC Bayern III"]
[WhiteTeamCountry "GER"]
[BlackTeamCountry "GER"]

1. e4 g6 2. d4 Bg7 3. Nc3 c6 4. Bc4 d6 5. Nf3 Nf6 6. 0-0 0-0 7. a4 d5 8. Bd3 dxe4 9. Nxe4 Nxe4 10. Bxe4 Nd7 11. c3 Qc7 12. Re1 e5 13. dxe5 Nxe5 14. Nxe5 Bxe5 15. h3 Re8 16. Bg5 Be6 17. a5 f6 18. Be3 Bxh3 19. Qf3 Bd7 20. a6 b6 21. Red1 Rac8 22. Bd4 f5 23. Bxe5 Rxe5 24. Qd3 Rxe4 25. Qxd7 Re1+ 0-1